Khảo sát và đánh giá hệ thống phục vụ đám đông trực tuyến = Investigation and evaluation for an online crowd serving system /
Spremljeno u:
| Glavni autor: | |
|---|---|
| Format: | Članak |
| Jezik: | Vietnamese |
| Oznake: |
Dodaj oznaku
Bez oznaka, Budi prvi tko označuje ovaj zapis!
|
| Thư viện lưu trữ: | Thư viện Trường Đại học Đà Lạt |
|---|
| LEADER | 00811nam a2200217 4500 | ||
|---|---|---|---|
| 001 | DLU140164199 | ||
| 005 | ##20140918 | ||
| 040 | # | # | |a DLU |b vie |
| 041 | # | # | |a vie |
| 044 | # | # | |a vn |
| 100 | # | # | |a Lê Quyết Thắng. |
| 245 | # | # | |a Khảo sát và đánh giá hệ thống phục vụ đám đông trực tuyến = |b Investigation and evaluation for an online crowd serving system / |c Lê Quyết Thắng. |
| 773 | # | # | |t Tạp chí Khoa học Đại học Sư phạm TP. Hồ Chí Minh: Khoa học tự nhiên & công nghệ |g Số 53(87), 2013, tr. 94-110 |
| 920 | # | # | |a Phòng Tạp chí -- Trung tâm Thông tin - Thư viện Trường Đại học Đà Lạt |
| 900 | # | # | |a True |
| 911 | # | # | |a Hoàng Thị Huyền |
| 925 | # | # | |a G |
| 926 | # | # | |a A |
| 927 | # | # | |a BB |
| 980 | # | # | |a Thư viện Trường Đại học Đà Lạt |